Managerial economics (Record no. 109)

MARC details
000 -LEADER
fixed length control field 00585 a2200217 4500
001 - CONTROL NUMBER
control field 065734
003 - CONTROL NUMBER IDENTIFIER
control field OSt
005 - DATE AND TIME OF LATEST TRANSACTION
control field 20210903125204.0
008 - FIXED-LENGTH DATA ELEMENTS--GENERAL INFORMATION
fixed length control field
082 ## - DEWEY DECIMAL CLASSIFICATION NUMBER
Classification number 338.5024658
Item number P44M
100 1# - MAIN ENTRY--PERSONAL NAME
Personal name Peterson, C.H.
245 1# - TITLE STATEMENT
Title Managerial economics
Statement of responsibility, etc by C.H. Peterson, W.C. Lewis and S.K. Jain
250 ## - EDITION STATEMENT
Edition statement 4th ed.
260 ## - PUBLICATION, DISTRIBUTION, ETC. (IMPRINT)
Place of publication, distribution, etc New Delhi
Name of publisher, distributor, etc Pearson
Date of publication, distribution, etc 2009
300 ## - PHYSICAL DESCRIPTION
Extent 622p.
630 ## - SUBJECT ADDED ENTRY--UNIFORM TITLE
Uniform title Economics
690 ## - LOCAL SUBJECT ADDED ENTRY--TOPICAL TERM (OCLC, RLIN)
Topical term or geographic name as entry element Managerial economics; Managerial economics--Study and teaching
700 ## - ADDED ENTRY--PERSONAL NAME
Personal name Lawis, W.C.
700 ## - ADDED ENTRY--PERSONAL NAME
Personal name Jain, S.K.
942 ## - ADDED ENTRY ELEMENTS (KOHA)
Source of classification or shelving scheme Dewey Decimal Classification
Koha item type Books
Holdings
Withdrawn status Lost status Source of classification or shelving scheme Damaged status Not for loan Collection code Home library Current library Department Date acquired Source of acquisition Cost, normal purchase price Inventory number(Invoice/Date) Total Checkouts Full call number Barcode Date last seen Date checked out Price effective from Koha item type
    Dewey Decimal Classification     General Text Book Central University Of Rajasthan Central University Of Rajasthan Economics 07/03/2012 ECO 295.00 13164/4.9.2009 1 338.5024658 P44M 20 04/03/2024 04/03/2024 02/09/2020 Books
    Dewey Decimal Classification     General Text Book Central University Of Rajasthan Central University Of Rajasthan Economics 07/03/2012 ECO 295.00   4 338.5024658 P44M 21 21/11/2024 22/07/2022 02/09/2020 Books
    Dewey Decimal Classification     General Text Book Central University Of Rajasthan Central University Of Rajasthan Economics 07/03/2012 ECO 295.00     338.5024658 P44M 22 21/11/2024   02/09/2020 Books
    Dewey Decimal Classification     General Text Book Central University Of Rajasthan Central University Of Rajasthan Economics 07/03/2012 ECO 295.00     338.5024658 P44M 23 21/11/2024   02/09/2020 Books